000 00434nam a2200169 a 4500
001 0000-8790
003 ELIB.Books
008 110520 1984
035 _a(ELIB.Books)0000-8936
082 _a150
_bLar
100 _aLarson, Bruce
245 _aThere's a lot More to Health than not Being sick
260 _bWaco: Proven Word
_c1984
650 _aPhilosophy
942 _2ddc
_cBK
998 _cbat
_e2011-05-20
999 _c8790
_d8790